| 000 | 01334nam a2200289Ia 4500 | ||
|---|---|---|---|
| 999 |
_c34794 _d34794 |
||
| 001 | 604 | ||
| 003 | GE_BSU | ||
| 005 | 20250214113536.0 | ||
| 008 | 181216s2001||||ge |||||||||||||| ||geo|| | ||
| 020 | _a060423625 | ||
| 040 | _cGE_BSU | ||
| 041 | _ageo | ||
| 080 | _a330.322.1 გ-52 | ||
| 100 |
_aგიტმანი,ლორენს _924365 |
||
| 245 |
_aინვესტირების საფუძვლები. _cგადმოქართ. და შევს. ლამარა ქოქიაურის მიერ ; [მეცნ.-რედ.: გივი გამსახურდია]. |
||
| 264 |
_aთბილისი : _bფინანსები, _c2001. |
||
| 300 |
_a764 გვ.; _b28 სმ. |
||
| 653 | _aინვესტირება | ||
| 653 | _aსაინვესტიციო ბაზრები | ||
| 653 | _aსაინვესტიციო გარიგებები | ||
| 653 | _aაქციების შეფასება | ||
| 653 | _aსაბაზრო კონიუქტურა | ||
| 653 | _aობლიგაციები | ||
| 653 | _aკონვერტირებული ფასიანი ქაღალდები | ||
| 700 |
_aჯონკი, მაიკლ _eავტორი _913230 |
||
| 942 |
_cBK _2udc |
||